000 00912nam a2200289 i 4500
001 37143
003 BD-RjUL
005 20211209052601.0
008 141019s1979 ilua b 001 0 eng
020 _a0673151859
035 _a(BD-RjUL)37245
040 _aDLC
_cDLC
_dDLC
_dBD-RjUL
_beng
041 _aeng
082 0 0 _a510
_bLIM 1979
100 1 _aLial, Margaret L.
_9113582
245 1 0 _aMathematics, with applications in the management, natural, and social sciences /
_cMargaret L. Lial, Charles D. Miller.
250 _a2d ed.
260 _aGlenview, Ill. :
_bScott, Foresman,
_cc1979.
300 _a658 p. :
_bill. ;
_c24 cm.
500 _aIncludes index.
504 _aBibliography: p. [650]-651.
650 0 _aMathematics.
_9113583
700 1 _aMiller, Charles D.
_q(Charles David),
_d1942-1986,
_ejoint author.
_9113584
942 _2ddc
_cBK
999 _c37143
_d37143